000 00639nam a2200205Ia 4500
005 20220131143634.0
008 210716s2010 xx 000 0 und d
020 _a9780070083103
040 _cAIMIT LIBRARY
041 _aeng
082 _a332.17
_22
_bGURS
100 _aGurusamy, S.
_915277
245 _aEssentials of financial services /
_cBy S Gurusamy.
250 _a2nd ed.
260 _aNew Delhi:
_bTata McGraw Hill Education Private Limited,
_c2010.
300 _axii,408p. ;
_c21.5 cm.
650 _aFinancial services environment
_915278
650 _aPublic Issue Management
_915279
942 _2ddc
_cBK
_e2nd
_k332.17 GURS
999 _c207993
_d207993